000 00739nam a22002537a 4500
003 UA-OsUOA
001 24425
007 ta
008 20040218b un ||||| |||| 00| 0 ukr d
100 _aЗлупко Степан
090 _a330(091)
_bЗ-68
942 _cBK
040 _aUA-OsUOA
_bukr
_cUA-OsUOA
_dUA-OsUOA
245 _aОснови історії економічної теорії
_bНавч.посібник
300 _a628 с.
_bІлюстрації
955 _a0
041 _aukr
080 _a330(091)
020 _a966-613-110-2
260 _aЛьвів
_bЛьвівський Національний Університет ім.І.Франка
_c2001
044 _aUA
650 7 _2UDC
999 _c310696
_d310696